| 000 | 00618nam a22001937a 4500 | ||
|---|---|---|---|
| 999 |
_c10822 _d10822 |
||
| 003 | AR-CdUCM | ||
| 008 | 190329b ||||| |||| 00| 0 spa d | ||
| 040 |
_aMUNICIPALIDAD PROVINCIAL DEL CUSCO _cBIBLIOTECA MUNICIPAL DEL CUSCO |
||
| 082 |
_aEP / 895.1 / _bD36 |
||
| 110 |
_aEdiciones en Lenguas Extranjeras _916044 |
||
| 245 | _aEl Maestro Dongguo / | ||
| 260 |
_aBeijing,China : _bEdiciones en Lenguas Extranjeras ; _c1942. |
||
| 300 |
_a27 páginas ; _bIlustraciones _c16cm |
||
| 505 | _aContenido: Cuento | ||
| 650 |
_aLiteratura china _97278 |
||
| 650 |
_aCuento _94671 |
||
| 942 |
_2ddc _cLIBROS |
||
| 945 | _anom | ||